Matemática 2ª año de bachillerato./ (Registro nro. 8651)

Detalles MARC
000 -LEADER
fixed length control field 00645nam a2200193Ia 4500
005 - FECHA Y HORA DE LA ÚLTIMA TRANSACCIÓN
control field 20241215115252.0
008 - FIXED-LENGTH DATA ELEMENTS--GENERAL INFORMATION
fixed length control field 230725s9999 xx 000 0 und d
040 ## - CATALOGING SOURCE
Original cataloging agency UPAN
Transcribing agency Biblioteca San Vicente
Description conventions RCAA2
041 ## - LANGUAGE CODE
Language code of text/sound track or separate title spa
082 ## - DEWEY DECIMAL CLASSIFICATION NUMBER
Classification number 510
Item number O763m
año de publicación 2000
100 ## - MAIN ENTRY--PERSONAL NAME
Personal name Ormaechea, Luis Maria
Relator code aut.
245 #0 - TITLE STATEMENT
Title Matemática 2ª año de bachillerato./
Statement of responsibility, etc Luis Maria Ormaechea
250 ## - EDITION STATEMENT
Edition statement 2ª ed.
260 ## - PUBLICATION, DISTRIBUTION, ETC. (IMPRINT)
Place of publication, distribution, etc El Salvador:
Name of publisher, distributor, etc ESE,
Date of publication, distribution, etc 2000
300 ## - PHYSICAL DESCRIPTION
Extent 294 p.;
Dimensions 25 cm.
505 ## - FORMATTED CONTENTS NOTE
Formatted contents note Capítulo 1. Métodos de Conteo. <br/>Capítulo 2. Probabilidad. <br/>Capítulo 3. Distribuciones de Probabilidad.
650 ## - SUBJECT ADDED ENTRY--TOPICAL TERM
Source of heading or term LEMB
General subdivision Matemática.
942 ## - ADDED ENTRY ELEMENTS (KOHA)
Koha item type Libros
Source of classification or shelving scheme Dewey Decimal Classification
Existencias
Withdrawn status Lost status Source of classification or shelving scheme Damaged status Not for loan Collection code Home library Current library Date acquired Total Checkouts Full call number Barcode Date last seen Price effective from Koha item type Copy number
    Dewey Decimal Classification     Colección General Biblioteca UPAN San Vicente Biblioteca UPAN San Vicente 25/07/2023   510 O763m 12001465 25/07/2023 25/07/2023 Libros  
    Dewey Decimal Classification     Colección General Biblioteca UPAN San Vicente Biblioteca UPAN San Vicente 31/07/2023   510 O763m 12001463 31/07/2023 31/07/2023 Libros 02
    Dewey Decimal Classification     Colección General Biblioteca UPAN San Vicente Biblioteca UPAN San Vicente 31/07/2023   510 O763m 12001464 31/07/2023 31/07/2023 Libros 03